000 00643nam a22001457a 4500
999 _c63536
_d63536
003 Ge_BSU
005 20251031154548.0
008 251027s1993 ge ||||| |||| 00| 0 geo d
041 _ageo
080 _a657.15 ბ-98
245 _aბუღალტრული აღრიცხვის საერთაშორისო სტანდარტი ბასს 21 :
_bუცხოური ვალუტის კურსის ცვლილებებით გამოწვეული შედეგები.
264 _aთბილისი,
_c1993.
300 _a26 გვ.;
_b21 სმ.
942 _2udc
_cᲬᲘᲒᲜᲘ